| 000 | 00748nam a2200241Ia 4500 | ||
|---|---|---|---|
| 003 | OSt | ||
| 005 | 20220918110208.0 | ||
| 006 | a|||||r|||| 00| 0 | ||
| 007 | ta | ||
| 008 | 220915b |||||||| |||| 00| 0 eng d | ||
| 020 |
_a9788173054037 (hbk) _c990 |
||
| 024 | _a260975 | ||
| 037 |
_b10458, 04/02/2011, Aryan Books International _cReference Collections |
||
| 040 |
_aARTS _cARTS _beng |
||
| 041 |
_2eng _aeng |
||
| 082 | _aU.281k, Q0(RR) | ||
| 245 | 0 | _aGazetteer of Delhi (1883-84) | |
| 260 |
_aNew Delhi _bAryan Books International India _c2010 |
||
| 300 | _a241p. | ||
| 650 | _aGEOGRAPHY | ||
| 942 |
_hU.281k, Q0(RR) _cREF |
||
| 999 |
_c111538 _d111538 |
||